[Event "ESP-chT 2nd Division 2019"]
[Site "Linares"]
[Date "2019.08.20"]
[Round "2.36"]
[White "Portela Peleteiro, Alberto"]
[Black "Aloma Vidal, Robert"]
[Result "1/2-1/2"]
[WhiteElo "2375"]
[BlackElo "2419"]
[Annotator "ChessBase"]
[PlyCount "60"]
[EventDate "2019.08.19"]
[EventType "team-tourn"]
[EventCountry "ESP"]
[SourceTitle "playchess.com"]
[Source "ChessBase"]
[SourceQuality "1"]
[TimeControl "5400+30"]

1. e4 {[%emt 0:00:00]} c6 {[%emt 0:00:00]} 2. d4 {[%emt 0:00:00]} d5 {[%emt 0:00:00]} 3. e5 {[%emt 0:00:00]} Bf5 {[%emt 0:01:07]} 4. Nf3 {[%emt 0:00:04]} e6 {[%emt 0:00:05]} 5. Be2 {[%emt 0:00:04]} Ne7 {[%emt 0:00:19]} 6. O-O {[%emt 0:00:26]} c5 {[%emt 0:00:06]} 7. dxc5 {[%emt 0:04:41]} Nec6 {[%emt 0:01:20]} 8. Be3 {[%emt 0:01:44]} Nd7 {[%emt 0:01:05]} 9. c4 {[%emt 0:13:05]} dxc4 {[%emt 0:03:56]} 10. Na3 {[%emt 0:01:40]} Bxc5 {[%emt 0:07:13]} 11. Bxc5 {[%emt 0:03:11]} Nxc5 {[%emt 0:00:08]} 12. Nxc4 {[%emt 0:00:03]} O-O {[%emt 0:00:38]} 13. Rc1 {[%emt 0:02:05]} Nd3 {[%emt 0:07:41]} 14. Rc3 {[%emt 0:05:36]} Nf4 {[%emt 0:00:57]} 15. Nd6 {[%emt 0:10:52]} Bg4 {[%emt 0:09:45]} 16. h3 {[%emt 0:14:04]} Nxe2+ {[%emt 0:09:24]} 17. Qxe2 {[%emt 0:00:09]} Nd4 {[%emt 0:09:56]} 18. Qe3 {[%emt 0:01:40]} Nxf3+ {[%emt 0:00:14]} 19. gxf3 {[%emt 0:02:16]} Bxh3 {[%emt 0:01:48]} 20. Rfc1 {[%emt 0:00:12]} f6 {[%emt 0:15:19]} 21. Rc7 {[%emt 0:06:13]} fxe5 {[%emt 0:02:35]} 22. Qxe5 {[%emt 0:00:45]} Qf6 {[%emt 0:01:20]} 23. Qxf6 {[%emt 0:00:25]} Rxf6 {[%emt 0:01:31]} 24. Rxb7 {[%emt 0:02:18]} e5 {[%emt 0:03:01]} 25. Rcc7 {[%emt 0:06:22]} Rxd6 {[%emt 0:10:50]} 26. Rxg7+ {[%emt 0:00:05]} Kf8 {[%emt 0:00:06]} 27. Rgf7+ {[%emt 0:00:08]} Kg8 {[%emt 0:00:47]} 28. Rg7+ {[%emt 0:00:04]} Kf8 {[%emt 0:00:04]} 29. Rgf7+ {[%emt 0:00:04]} Kg8 {[%emt 0:03:56]} 30. Rg7+ {[%emt 0:00:05]} Kf8 1/2-1/2

[Event "ESP-chT 2nd Division 2019"]
[Site "Linares"]
[Date "2019.08.20"]
[Round "2.37"]
[White "Gomez Anadon, Daniel"]
[Black "Veiga, Jose Francisco R P N"]
[Result "0-1"]
[WhiteElo "2274"]
[BlackElo "2346"]
[Annotator "ChessBase"]
[PlyCount "90"]
[EventDate "2019.08.19"]
[EventType "team-tourn"]
[EventCountry "ESP"]
[SourceTitle "playchess.com"]
[Source "ChessBase"]
[SourceQuality "1"]
[TimeControl "5400+30"]

1. e4 {[%emt 0:00:00]} c5 {[%emt 0:00:32]} 2. Nf3 {[%emt 0:00:00]} b6 {[%emt 0:00:23]} 3. g3 {[%emt 0:07:28]} Bb7 {[%emt 0:00:25]} 4. d3 {[%emt 0:00:10]} d5 {[%emt 0:12:02]} 5. Bg2 {[%emt 0:04:32]} dxe4 {[%emt 0:02:09]} 6. Ng5 {[%emt 0:01:22]} Qc7 {[%emt 0:06:42]} 7. Bxe4 {[%emt 0:02:22]} Nf6 {[%emt 0:02:41]} 8. Bxb7 {[%emt 0:08:18]} Qxb7 {[%emt 0:00:07]} 9. Qf3 {[%emt 0:05:36]} Qxf3 {[%emt 0:05:11]} 10. Nxf3 {[%emt 0:00:06]} Nc6 {[%emt 0:00:35]} 11. a4 {[%emt 0:10:29]} Nd5 {[%emt 0:03:06]} 12. Na3 {[%emt 0:09:33]} g6 {[%emt 0:07:55]} 13. Bd2 {[%emt 0:05:30]} Bg7 {[%emt 0:00:21]} 14. O-O-O {[%emt 0:00:24]} a6 {[%emt 0:09:41]} 15. c3 {[%emt 0:01:18]} f6 {[%emt 0:02:33]} 16. Rhe1 {[%emt 0:00:53]} Kf7 {[%emt 0:01:33]} 17. Kc2 {[%emt 0:04:50]} Rhb8 {[%emt 0:07:59]} 18. Bc1 {[%emt 0:10:01]} b5 {[%emt 0:03:23]} 19. Be3 {[%emt 0:09:23]} Nxe3+ {[%emt 0:01:04]} 20. Rxe3 {[%emt 0:00:57]} Na5 {[%emt 0:03:10]} 21. Nd2 {[%emt 0:05:24]} Bh6 {[%emt 0:00:29]} 22. Re4 {[%emt 0:00:41]} Bxd2 {[%emt 0:00:40]} 23. Rxd2 {[%emt 0:01:13]} Ra7 {[%emt 0:01:01]} 24. b4 {[%emt 0:04:23]} cxb4 {[%emt 0:00:32]} 25. cxb4 {[%emt 0:02:06]} Nb7 {[%emt 0:04:21]} 26. a5 {[%emt 0:01:47]} Nd6 {[%emt 0:00:33]} 27. Ree2 {[%emt 0:00:44]} Nf5 {[%emt 0:00:41]} 28. Kb2 {[%emt 0:00:10]} Rd8 {[%emt 0:00:14]} 29. Nc2 {[%emt 0:02:29]} Rad7 {[%emt 0:00:20]} 30. Kc3 {[%emt 0:01:03]} e5 {[%emt 0:00:36]} 31. g4 {[%emt 0:00:36]} Ne7 {[%emt 0:00:16]} 32. d4 {[%emt 0:01:05]} Nd5+ {[%emt 0:00:39]} 33. Kb3 {[%emt 0:00:06]} Nf4 {[%emt 0:00:16]} 34. Re4 {[%emt 0:00:21]} Ne6 {[%emt 0:00:23]} 35. Kc3 {[%emt 0:00:58]} Rc7+ {[%emt 0:00:51]} 36. Kb3 {[%emt 0:00:22]} Rc4 {[%emt 0:00:14]} 37. f3 {[%emt 0:01:16]} exd4 {[%emt 0:01:14]} 38. Ne1 {[%emt 0:00:33]} Ng5 {[%emt 0:00:58]} 39. Ree2 {[%emt 0:00:17]} Rc3+ {[%emt 0:00:17]} 40. Kb2 {[%emt 0:00:24]} Nxf3 {[%emt 0:00:02]} 41. Nxf3 {[%emt 0:00:20]} Rxf3 {[%emt 0:00:02]} 42. Re4 {[%emt 0:00:14]} d3 {[%emt 0:00:36]} 43. Kc3 {[%emt 0:00:35]} g5 {[%emt 0:00:47]} 44. Kb3 {[%emt 0:01:06]} Rf4 {[%emt 0:01:04]} 45. Re3 {[%emt 0:00:30]} Rdd4 {[%emt 0:00:25]} 0-1

[Event "ESP-chT 2nd Division 2019"]
[Site "Linares"]
[Date "2019.08.20"]
[Round "2.38"]
[White "Rivera, Daniel"]
[Black "Valles Mata, David"]
[Result "1/2-1/2"]
[WhiteElo "2321"]
[BlackElo "2208"]
[Annotator "ChessBase"]
[PlyCount "171"]
[EventDate "2019.08.19"]
[EventType "team-tourn"]
[EventCountry "ESP"]
[SourceTitle "playchess.com"]
[Source "ChessBase"]
[SourceQuality "1"]
[TimeControl "5400+30"]

1. e4 {[%emt 0:00:00]} e6 {[%emt 0:00:00]} 2. d4 {[%emt 0:00:50]} d5 {[%emt 0:00:00]} 3. e5 {[%emt 0:01:28]} c5 {[%emt 0:00:31]} 4. c3 {[%emt 0:00:06]} Nc6 {[%emt 0:00:41]} 5. Nf3 {[%emt 0:00:06]} Bd7 {[%emt 0:01:43]} 6. Bd3 {[%emt 0:01:10]} cxd4 {[%emt 0:22:36]} 7. cxd4 {[%emt 0:00:50]} Nge7 {[%emt 0:00:51]} 8. O-O {[%emt 0:11:05]} Ng6 {[%emt 0:06:07]} 9. Nc3 {[%emt 0:09:58]} Be7 {[%emt 0:03:34]} 10. Be3 {[%emt 0:21:46]} O-O {[%emt 0:01:57]} 11. Rc1 {[%emt 0:00:35]} f6 {[%emt 0:12:43]} 12. exf6 {[%emt 0:02:50]} Bxf6 {[%emt 0:07:09]} 13. Ne2 {[%emt 0:02:08]} Nh4 {[%emt 0:06:15]} 14. Nxh4 {[%emt 0:02:25]} Bxh4 {[%emt 0:00:04]} 15. Bb1 {[%emt 0:03:25]} Bg5 {[%emt 0:03:30]} 16. Qd2 {[%emt 0:05:42]} Bxe3 {[%emt 0:00:54]} 17. fxe3 {[%emt 0:00:30]} Qe7 {[%emt 0:07:14]} 18. Nf4 {[%emt 0:00:51]} Rf7 {[%emt 0:04:07]} 19. Rf3 {[%emt 0:04:13]} g6 {[%emt 0:03:49]} 20. Rcf1 {[%emt 0:02:44]} Raf8 {[%emt 0:05:31]} 21. Qf2 {[%emt 0:09:15]} Be8 {[%emt 0:02:03]} 22. h4 {[%emt 0:01:04]} Qd6 {[%emt 0:03:25]} 23. Qg3 {[%emt 0:01:41]} Ne7 {[%emt 0:04:13]} 24. Bd3 {[%emt 0:07:19]} Nf5 {[%emt 0:01:43]} 25. Qf2 {[%emt 0:06:10]} Qe7 {[%emt 0:00:12]} 26. h5 {[%emt 0:01:30]} g5 {[%emt 0:00:24]} 27. Nxd5 {[%emt 0:00:50]} exd5 {[%emt 0:01:00]} 28. Bxf5 {[%emt 0:00:12]} Kg7 {[%emt 0:01:06]} 29. Qg3 {[%emt 0:00:26]} h6 {[%emt 0:00:12]} 30. a3 {[%emt 0:00:38]} Rf6 {[%emt 0:00:46]} 31. Bg4 {[%emt 0:02:21]} Rxf3 {[%emt 0:00:28]} 32. Rxf3 {[%emt 0:00:02]} Rxf3 {[%emt 0:00:35]} 33. Qxf3 {[%emt 0:00:01]} Bc6 {[%emt 0:00:13]} 34. Kf2 {[%emt 0:00:14]} Qc7 {[%emt 0:00:48]} 35. Qf5 {[%emt 0:00:15]} Qf7 {[%emt 0:00:30]} 36. Ke1 {[%emt 0:01:25]} Qxf5 {[%emt 0:00:19]} 37. Bxf5 {[%emt 0:00:01]} Kf6 {[%emt 0:00:06]} 38. Bc8 {[%emt 0:00:26]} b6 {[%emt 0:00:42]} 39. Ke2 {[%emt 0:01:04]} Bb5+ {[%emt 0:00:29]} 40. Kd2 {[%emt 0:00:16]} Bf1 {[%emt 0:00:26]} 41. g3 {[%emt 0:00:25]} Bg2 {[%emt 0:00:23]} 42. Bg4 {[%emt 0:00:12]} Be4 {[%emt 0:00:51]} 43. Kc3 {[%emt 0:00:24]} Bg2 {[%emt 0:00:45]} 44. Kb4 {[%emt 0:01:10]} Bf1 {[%emt 0:00:19]} 45. Kc3 {[%emt 0:01:12]} Ke7 {[%emt 0:00:37]} 46. Kd2 {[%emt 0:00:14]} Kd6 {[%emt 0:00:28]} 47. Be2 {[%emt 0:00:28]} Bg2 {[%emt 0:00:07]} 48. Kc3 {[%emt 0:00:40]} Be4 {[%emt 0:00:31]} 49. Kb4 {[%emt 0:00:39]} Kc6 {[%emt 0:00:19]} 50. Bg4 {[%emt 0:00:21]} Bd3 {[%emt 0:00:25]} 51. Bf3 {[%emt 0:00:09]} Bf5 {[%emt 0:00:45]} 52. Kc3 {[%emt 0:00:16]} Kd6 {[%emt 0:00:56]} 53. Be2 {[%emt 0:00:15]} Be4 {[%emt 0:00:21]} 54. Bd3 {[%emt 0:00:12]} Bf3 {[%emt 0:00:09]} 55. Bg6 {[%emt 0:00:01]} Ke6 {[%emt 0:00:42]} 56. Kd2 {[%emt 0:00:44]} Kf6 {[%emt 0:00:38]} 57. Ke1 {[%emt 0:01:00]} Ke6 {[%emt 0:00:18]} 58. Kf2 {[%emt 0:00:16]} Bd1 {[%emt 0:00:13]} 59. Be8 {[%emt 0:01:53]} Ke7 {[%emt 0:00:30]} 60. Bc6 {[%emt 0:00:32]} Kd6 {[%emt 0:00:10]} 61. Be8 {[%emt 0:00:27]} Ke7 {[%emt 0:00:11]} 62. Bg6 {[%emt 0:00:16]} Ke6 {[%emt 0:00:22]} 63. Ke1 {[%emt 0:00:55]} Bf3 {[%emt 0:00:06]} 64. Kf2 {[%emt 0:00:47]} Bd1 {[%emt 0:00:05]} 65. Ke1 {[%emt 0:00:34]} Bf3 {[%emt 0:00:06]} 66. Kd2 {[%emt 0:00:14]} Kd6 {[%emt 0:00:33]} 67. Kc3 {[%emt 0:00:05]} Be2 {[%emt 0:00:59]} 68. Kb4 {[%emt 0:00:13]} Kc7 {[%emt 0:01:50]} 69. Be8 {[%emt 0:00:29]} Bf3 {[%emt 0:00:48]} 70. Ka4 {[%emt 0:01:10]} Bd1+ {[%emt 0:00:24]} 71. Kb4 {[%emt 0:00:48]} Bf3 {[%emt 0:00:02]} 72. Bf7 {[%emt 0:00:28]} Kc6 {[%emt 0:00:45]} 73. Kc3 {[%emt 0:00:34]} Kd6 {[%emt 0:00:12]} 74. Bg6 {[%emt 0:00:18]} Be2 {[%emt 0:00:22]} 75. Kd2 {[%emt 0:00:33]} Bf3 {[%emt 0:00:05]} 76. Kd3 {[%emt 0:00:07]} Ke6 {[%emt 0:00:19]} 77. Be8 {[%emt 0:00:58]} Ke7 {[%emt 0:00:10]} 78. Bc6 {[%emt 0:00:29]} Kd6 {[%emt 0:00:10]} 79. Be8 {[%emt 0:00:14]} Ke7 {[%emt 0:00:04]} 80. Bg6 {[%emt 0:00:05]} Ke6 {[%emt 0:00:04]} 81. Kd2 {[%emt 0:00:45]} Kd6 {[%emt 0:00:05]} 82. Ke1 {[%emt 0:00:05]} Ke6 {[%emt 0:00:07]} 83. Kf2 {[%emt 0:00:28]} Bd1 {[%emt 0:00:05]} 84. Be8 {[%emt 0:00:09]} Ke7 {[%emt 0:00:16]} 85. Bg6 {[%emt 0:01:28]} Ke6 {[%emt 0:00:03]} 86. Ke1 {[%emt 0:00:45]} 1/2-1/2

[Event "ESP-chT 2nd Division 2019"]
[Site "Linares"]
[Date "2019.08.20"]
[Round "2.39"]
[White "Gonzalez Maza, Rafael"]
[Black "Fernandez Lopez, Ruben"]
[Result "1-0"]
[WhiteElo "2173"]
[BlackElo "2242"]
[Annotator "ChessBase"]
[PlyCount "111"]
[EventDate "2019.08.19"]
[EventType "team-tourn"]
[EventCountry "ESP"]
[SourceTitle "playchess.com"]
[Source "ChessBase"]
[SourceQuality "1"]
[TimeControl "5400+30"]

1. d4 {[%emt 0:00:00]} Nf6 {[%emt 0:00:00]} 2. Nf3 {[%emt 0:00:00]} g6 {[%emt 0:00:00]} 3. e3 {[%emt 0:00:00]} Bg7 {[%emt 0:00:04]} 4. b3 {[%emt 0:00:00]} O-O {[%emt 0:00:29]} 5. Bb2 {[%emt 0:00:00]} d6 {[%emt 0:01:18]} 6. Be2 {[%emt 0:00:00]} Nbd7 {[%emt 0:00:43]} 7. h3 {[%emt 0:03:07]} c5 {[%emt 0:07:11]} 8. c4 {[%emt 0:04:19]} cxd4 {[%emt 0:09:56]} 9. Nxd4 {[%emt 0:00:54]} d5 {[%emt 0:04:06]} 10. cxd5 {[%emt 0:19:09]} Nxd5 {[%emt 0:05:02]} 11. O-O {[%emt 0:02:54]} Nc5 {[%emt 0:15:13]} 12. Nc3 {[%emt 0:14:41]} Nxc3 {[%emt 0:02:36]} 13. Bxc3 {[%emt 0:00:02]} a6 {[%emt 0:04:05]} 14. Qc2 {[%emt 0:04:28]} e5 {[%emt 0:12:54]} 15. Nf3 {[%emt 0:00:57]} Re8 {[%emt 0:00:18]} 16. Rfd1 {[%emt 0:03:23]} Qb6 {[%emt 0:02:51]} 17. b4 {[%emt 0:04:19]} Nd7 {[%emt 0:03:53]} 18. Qb2 {[%emt 0:02:15]} Qe6 {[%emt 0:05:57]} 19. a4 {[%emt 0:09:47]} a5 {[%emt 0:05:00]} 20. Bb5 {[%emt 0:05:43]} axb4 {[%emt 0:01:10]} 21. Qxb4 {[%emt 0:02:12]} Bf8 {[%emt 0:05:47]} 22. Qb2 {[%emt 0:00:42]} f6 {[%emt 0:00:37]} 23. Rd2 {[%emt 0:02:18]} Re7 {[%emt 0:00:16]} 24. Bb4 {[%emt 0:03:43]} Rf7 {[%emt 0:02:56]} 25. Rc1 {[%emt 0:06:39]} Nb6 {[%emt 0:03:12]} 26. a5 {[%emt 0:01:06]} Nd5 {[%emt 0:05:06]} 27. Bxf8 {[%emt 0:01:01]} Kxf8 {[%emt 0:00:06]} 28. Bc4 {[%emt 0:00:17]} Rd7 {[%emt 0:00:53]} 29. e4 {[%emt 0:00:14]} Rc7 {[%emt 0:01:00]} 30. Bxd5 {[%emt 0:00:36]} Qe7 {[%emt 0:00:05]} 31. Rdc2 {[%emt 0:01:31]} Rxc2 {[%emt 0:00:18]} 32. Qxc2 {[%emt 0:00:02]} Qa3 {[%emt 0:01:04]} 33. Qc5+ {[%emt 0:00:07]} Qxc5 {[%emt 0:00:01]} 34. Rxc5 {[%emt 0:00:15]} Ke7 {[%emt 0:00:01]} 35. a6 {[%emt 0:01:35]} Kd6 {[%emt 0:00:18]} 36. Rc1 {[%emt 0:00:36]} Rxa6 {[%emt 0:00:18]} 37. Rxc8 {[%emt 0:00:08]} Ra1+ {[%emt 0:00:03]} 38. Kh2 {[%emt 0:00:30]} b5 {[%emt 0:00:01]} 39. Rc6+ {[%emt 0:00:17]} Ke7 {[%emt 0:00:02]} 40. Rb6 {[%emt 0:00:19]} Rb1 {[%emt 0:00:02]} 41. Re6+ {[%emt 0:00:25]} Kd7 {[%emt 0:00:03]} 42. Rxf6 {[%emt 0:00:57]} b4 {[%emt 0:00:01]} 43. Nxe5+ {[%emt 0:00:23]} Ke7 {[%emt 0:00:01]} 44. Rb6 {[%emt 0:00:23]} h5 {[%emt 0:00:13]} 45. h4 {[%emt 0:00:06]} Kf8 {[%emt 0:00:05]} 46. Rb7 {[%emt 0:00:10]} Ke8 {[%emt 0:00:06]} 47. Nxg6 {[%emt 0:00:34]} Kd8 {[%emt 0:00:04]} 48. Nf4 {[%emt 0:00:18]} Ke8 {[%emt 0:00:04]} 49. Nxh5 {[%emt 0:00:07]} b3 {[%emt 0:00:03]} 50. Rxb3 {[%emt 0:00:16]} Rf1 {[%emt 0:00:02]} 51. Rf3 {[%emt 0:00:17]} Ke7 {[%emt 0:00:01]} 52. Ng3 {[%emt 0:00:14]} Ra1 {[%emt 0:00:05]} 53. h5 {[%emt 0:00:10]} Ra6 {[%emt 0:00:02]} 54. Ne2 {[%emt 0:00:14]} Rh6 {[%emt 0:00:05]} 55. g4 {[%emt 0:00:05]} Kd6 {[%emt 0:00:04]} 56. Kh3 {[%emt 0:00:46] Kxd5} 1-0

[Event "ESP-chT 2nd Division 2019"]
[Site "Linares"]
[Date "2019.08.20"]
[Round "2.40"]
[White "Lorenzo Serrano, Henar"]
[Black "Galera Serra, Maria"]
[Result "1/2-1/2"]
[WhiteElo "1719"]
[BlackElo "1467"]
[Annotator "NA"]
[PlyCount "87"]
[EventDate "2019.08.19"]
[EventType "team-tourn"]
[EventCountry "ESP"]
[SourceTitle "playchess.com"]
[Source "ChessBase"]
[SourceQuality "1"]
[TimeControl "5400+30"]

1. e4 {[%emt 0:00:00]} e5 {[%emt 0:00:00]} 2. Nf3 {[%emt 0:00:00]} Nc6 {[%emt 0:00:00]} 3. d4 {[%emt 0:00:00]} exd4 {[%emt 0:01:21]} 4. Nxd4 {[%emt 0:00:00]} Bc5 {[%emt 0:00:33]} 5. Be3 {[%emt 0:00:00]} Qf6 {[%emt 0:02:32]} 6. Nb5 {[%emt 0:01:22]} Bxe3 {[%emt 0:01:26]} 7. fxe3 {[%emt 0:00:08]} Qe5 {[%emt 0:11:51]} 8. N1c3 {[%emt 0:10:04]} a6 {[%emt 0:00:31]} 9. Nd4 {[%emt 0:03:13]} Nge7 {[%emt 0:00:57]} 10. Qf3 {[%emt 0:15:01]} O-O {[%emt 0:05:20]} 11. O-O-O {[%emt 0:01:56]} d6 {[%emt 0:06:38]} 12. Nxc6 {[%emt 0:03:18]} bxc6 {[%emt 0:00:20]} 13. Bc4 {[%emt 0:09:54]} Be6 {[%emt 0:13:21]} 14. Bb3 {[%emt 0:02:35]} Bxb3 {[%emt 0:09:07]} 15. axb3 {[%emt 0:00:09]} Qa5 {[%emt 0:00:14]} 16. Kb1 {[%emt 0:03:54]} Rab8 {[%emt 0:06:12]} 17. h4 {[%emt 0:08:39]} h6 {[%emt 0:05:57]} 18. g4 {[%emt 0:04:43]} f6 {[%emt 0:10:10]} 19. Qh3 {[%emt 0:06:57]} Rf7 {[%emt 0:02:48]} 20. g5 {[%emt 0:02:22]} fxg5 {[%emt 0:01:07]} 21. hxg5 {[%emt 0:01:22]} Qxg5 {[%emt 0:03:32]} 22. Rdg1 {[%emt 0:06:43]} Qf6 {[%emt 0:00:06]} 23. Ne2 {[%emt 0:02:35]} Ng6 {[%emt 0:08:30]} 24. Qh5 {[%emt 0:11:03]} Ne5 {[%emt 0:02:25]} 25. Nf4 {[%emt 0:00:39]} Kf8 {[%emt 0:03:31]} 26. Ng6+ {[%emt 0:03:53]} Nxg6 {[%emt 0:00:18]} 27. Rxg6 {[%emt 0:00:23]} Qe5 {[%emt 0:00:03]} 28. Qg4 {[%emt 0:00:19]} Ke7 {[%emt 0:00:47]} 29. Rg1 {[%emt 0:00:31]} Rg8 {[%emt 0:00:22]} 30. Rxh6 {[%emt 0:01:02]} gxh6 {[%emt 0:00:29]} 31. Qxg8 {[%emt 0:00:04]} Qxe4 {[%emt 0:00:13]} 32. Qc8 {[%emt 0:00:28]} Qxe3 {[%emt 0:00:17]} 33. Qxc7+ {[%emt 0:00:19]} Ke6 {[%emt 0:00:18]} 34. Qc8+ {[%emt 0:01:38]} Ke7 {[%emt 0:01:58]} 35. Qc7+ {[%emt 0:00:05]} Ke6 {[%emt 0:00:21]} 36. Rg6+ {[%emt 0:01:17]} Rf6 {[%emt 0:01:11]} 37. Qc8+ {[%emt 0:00:39]} Kd5 {[%emt 0:00:31]} 38. c4+ {[%emt 0:00:25]} Kc5 {[%emt 0:00:20]} 39. Rxf6 {[%emt 0:00:46]} Qe1+ {[%emt 0:00:11]} 40. Kc2 {[%emt 0:00:13]} Qe2+ {[%emt 0:00:08]} 41. Kc1 {[%emt 0:00:25]} Qe1+ {[%emt 0:00:06]} 42. Kc2 {[%emt 0:00:16]} Qe2+ {[%emt 0:00:14]} 43. Kb1 {[%emt 0:00:14]} Qe1+ {[%emt 0:00:25]} 44. Kc2 {[%emt 0:00:33]} 1/2-1/2

[Event "ESP-chT 2nd Division 2019"]
[Site "Linares"]
[Date "2019.08.20"]
[Round "3.1"]
[White "Sos Andreu, Eric"]
[Black "Jones, Gawain C B"]
[Result "0-1"]
[WhiteElo "2354"]
[BlackElo "2692"]
[Annotator "TA"]
[PlyCount "106"]
[EventDate "2019.08.19"]
[EventType "team-tourn"]
[EventCountry "ESP"]
[SourceTitle "playchess.com"]
[Source "ChessBase"]
[SourceQuality "1"]

{[%evp 16,106,48,32,81,62,86,74,78,64,68,69,71,46,81,67,75,50,84,87,104,-11,17,14,18,13,7,13,43,35,44,45,48,22,47,4,-57,-49,-58,-20,0,-59,60,0,0,0,0,0,103,0,0,0,0,-59,-56,-56,-58,-139,-37,-30,-31,-36,-34,-28,-36,-152,-21,-25,-20,-140,-41,-152,-137,-141,-117,-143,-29,-34,-31,-24,-32,-24,-14,-16,-14,-15,-14,-24,-12,-21,-25,-60,-56]} 1. d4 Nf6 2. c4 g6 3. Nc3 Bg7 4. e4 d6 5. Nf3 O-O 6. Be2 Nbd7 7. O-O e5 8. Be3 Qe7 9. d5 c5 {E94: King's Indian: Classical: 6 Be2 e5 7 0-0: Various Black 7th moves} 10. Ne1 (10. Bg5 Kh8 11. a3 Rg8 12. Ne1 Qf8 13. Qd2 Ne8 14. Be3 f5 15. f4 exf4 16. Bxf4 Ne5 17. Rc1 {½-½ (43) Sychev,K (2537)-Jones,G (2682) St Petersburg 2018}) 10... Kh8 11. Nd3 Ng8 {White is better.} 12. Qd2 f5 13. f3 $146 ({Predecessor:} 13. exf5 gxf5 14. f4 e4 15. Nf2 Ndf6 16. h3 h5 17. g3 {1-0 (39) Menezes,C (2411)-Jankovic,A (2579) Austria 2017}) 13... Ndf6 14. b4 b6 15. a3 Bd7 16. Rab1 f4 17. Bf2 g5 18. g4 (18. Nb5 $16) 18... h5 {[%cal Rh5g4]} (18... fxg3 $5 19. Bxg3 (19. hxg3 Bh3 $11) 19... Bh3 $11) 19. h3 Nh6 20. bxc5 bxc5 21. Rb7 Qd8 22. Rfb1 Bc8 {[%cal Rh5g4]} 23. R7b2 $36 {[%mdl 2048] Black is under pressure.} Nd7 24. Nc1 Nb6 25. Nb5 (25. gxh5 $2 Bxh3 26. Qd3 g4 $19) 25... hxg4 (25... Rf7 $11) 26. hxg4 $15 Bxg4 27. fxg4 {[#] Threatens to win with Rb3.} f3 28. Bd3 (28. Bf1 $11) 28... Rf4 (28... Nxg4 $15 29. Kf1 Qf6) 29. Bg3 (29. Ne2 $1 $14 fxe2 30. Bxe2) 29... Nxg4 $11 {Strongly threatening ...Qf6.} 30. Qe1 $1 ({Don't go for} 30. Bxf4 $2 f2+ 31. Kh1 gxf4 $19) 30... Qf6 31. Bxf4 exf4 (31... Qxf4 $11 32. Nxd6 f2+ 33. Rxf2 Qg3+ {[%mdl 64] Pin} 34. Kf1 Qh3+ 35. Ke2 Qe3+ {[%mdl 64] Double Attack} 36. Kf1 Qh3+ 37. Ke2 Qe3+ {[%mdl 64] Double Attack} 38. Kf1 Qh3+) 32. e5 (32. Qf1 $16 f2+ 33. Rxf2 Nxf2 34. Qxf2) 32... Qxe5 33. Qxe5 Bxe5 34. Bf5 (34. Rf2 $11 Nxf2 35. Kxf2) 34... Nxc4 35. Bxg4 Bxb2 36. Bxf3 (36. Rxb2 $15 Nxb2 37. Nxd6) 36... Rb8 (36... a6 $17 37. Rxb2 axb5 38. Rxb5 Rxa3) 37. Rxb2 $1 $15 Nxb2 38. Nxd6 Kg7 39. Ne4 Nc4 40. Kf2 (40. Nd3 $1 $15) 40... Kg6 (40... Rb2+ $17 41. Ne2 Kh6 42. Nxc5 Ne5) 41. Nxc5 $11 Rb2+ 42. Ne2 (42. Ke1 $1 $11 {keeps the balance.}) 42... Kf5 (42... Nd6 $17 43. Kg2 Rb5) 43. Be4+ ({White should try} 43. Ke1 $1 $15) 43... Ke5 {[%mdl 1024] Black has strong compensation.} 44. Bf3 {aiming for Nd3+.} Ra2 45. a4 Ne3 (45... a5 $17 46. Ne6 Rxa4 47. Nxg5 Ra2) 46. d6 $1 {[%cal Rd6d7][%mdl 64] [#] Decoy} Kxd6 47. Ne4+ Ke5 48. Nxg5 Nd1+ 49. Ke1 Nb2 50. Bc6 Nd3+ 51. Kd1 a6 52. Nf3+ Kd6 53. Be8 Ne5 {Accuracy: White = 36%, Black = 41%.} 0-1

[Event "ESP-chT 2nd Division 2019"]
[Site "Linares"]
[Date "2019.08.20"]
[Round "3.2"]
[White "Del Rio De Angelis, Salvador G."]
[Black "Torres Sanchez, Jose"]
[Result "1-0"]
[WhiteElo "2472"]
[BlackElo "2304"]
[Annotator "ChessBase"]
[PlyCount "85"]
[EventDate "2019.08.19"]
[EventType "team-tourn"]
[EventCountry "ESP"]
[SourceTitle "playchess.com"]
[Source "ChessBase"]
[SourceQuality "1"]
[TimeControl "5400+30"]

1. d4 {[%emt 0:00:00]} g6 {[%emt 0:00:26]} 2. e4 {[%emt 0:00:00]} Bg7 {[%emt 0:00:17]} 3. Nc3 {[%emt 0:00:00]} a6 {[%emt 0:00:16]} 4. f4 {[%emt 0:00:24]} d5 {[%emt 0:02:10]} 5. e5 {[%emt 0:01:43]} Nh6 {[%emt 0:01:14]} 6. Bd3 {[%emt 0:01:22]} b6 {[%emt 0:04:04]} 7. Nf3 {[%emt 0:01:55]} O-O {[%emt 0:01:34]} 8. Ne2 {[%emt 0:01:42]} c5 {[%emt 0:00:41]} 9. c3 {[%emt 0:00:05]} a5 {[%emt 0:08:47]} 10. O-O {[%emt 0:04:51]} Nc6 {[%emt 0:03:40]} 11. h3 {[%emt 0:02:22]} a4 {[%emt 0:14:22]} 12. g4 {[%emt 0:01:29]} f5 {[%emt 0:01:10]} 13. g5 {[%emt 0:05:51]} Nf7 {[%emt 0:00:15]} 14. Bb5 {[%emt 0:00:27]} Qd7 {[%emt 0:05:06]} 15. Be3 {[%emt 0:03:42]} Ra5 {[%emt 0:00:45]} 16. c4 {[%emt 0:03:27]} e6 {[%emt 0:12:14]} 17. dxc5 {[%emt 0:00:41]} dxc4 {[%emt 0:00:16]} 18. Qxd7 {[%emt 0:05:33]} Bxd7 {[%emt 0:00:12]} 19. Bxc6 {[%emt 0:00:12]} Bxc6 {[%emt 0:00:09]} 20. cxb6 {[%emt 0:00:06]} a3 {[%emt 0:01:27]} 21. Nfd4 {[%emt 0:06:21]} axb2 {[%emt 0:01:29]} 22. Rab1 {[%emt 0:02:29]} Be4 {[%emt 0:00:38]} 23. Rxb2 {[%emt 0:00:11]} Ra3 {[%emt 0:00:05]} 24. Nc2 {[%emt 0:07:29]} Rd3 {[%emt 0:05:54]} 25. Rb4 {[%emt 0:05:46]} Ra8 {[%emt 0:04:23]} 26. Rc1 {[%emt 0:15:15]} Bd5 {[%emt 0:00:45]} 27. Kf2 {[%emt 0:02:37]} Nd8 {[%emt 0:01:24]} 28. Ne1 {[%emt 0:08:35]} Bf8 {[%emt 0:09:09]} 29. Rb5 {[%emt 0:00:26]} Rxa2 {[%emt 0:00:51]} 30. Rc2 {[%emt 0:00:06]} Raa3 {[%emt 0:00:47]} 31. Nxd3 {[%emt 0:02:41]} cxd3 {[%emt 0:00:19]} 32. Rc8 {[%emt 0:00:05]} Ra2 {[%emt 0:00:28]} 33. Rxd8 {[%emt 0:00:20]} Rxe2+ {[%emt 0:00:31]} 34. Kf1 {[%emt 0:00:21]} Bg2+ {[%emt 0:08:31]} 35. Kg1 {[%emt 0:00:07]} Bb7 {[%emt 0:00:25]} 36. Rxd3 {[%emt 0:01:49]} Rg2+ {[%emt 0:02:05]} 37. Kf1 {[%emt 0:00:06]} Ra2 {[%emt 0:02:30]} 38. Rd2 {[%emt 0:02:20]} Ra8 {[%emt 0:02:55]} 39. Kf2 {[%emt 0:00:14]} Rb8 {[%emt 0:02:45]} 40. Rc2 {[%emt 0:01:37]} Be7 {[%emt 0:00:27]} 41. Ra5 {[%emt 0:01:56]} Bd8 {[%emt 0:00:43]} 42. Ra7 {[%emt 0:01:49]} Bd5 {[%emt 0:00:26]} 43. b7 {[%emt 0:01:17]} 1-0